00689nam a22002177a 4500003000500000005001700005008004100022010001000063011001000073035001000083040000900093100003500102245005600137260007700193300001900270490004100289650004200330650002600372700003200398830004100430CHAP20220329135604.0971013s1979 r 00010 d a38928 a39900 a44025 cCHAP00aMoncayo Ruiz, Franciscoecomp. aEstadísticas forestales del estado de Michoacán a(Morelia, Mich.) :bComisión Forestal del Estado de Michoacán,c1979 a55 p.b; mapas aSerie técnica: Informaciónv; 2014aBosquesxEstadísticaszMichoacán.14aBosqueszMichoacán.0 aGonzález López, Carlos.0 aSerie técnica: Informaciónv; 20